Detalles MARC
| 000 -LÍDER |
| Campo fijo de descripción fija |
02959nam a2200373 i 4500 |
| 001 - NÚMERO DE CONTROL |
| Campo de control |
768714001 |
| 003 - IDENTIFICADOR DEL NÚMERO DE CONTROL |
| Campo de control |
CO-MdFUSB |
| 005 - FECHA Y HORA DE LA ULTIMA TRANSACCIÓN |
| control field |
20230331062547.0 |
| 007 - CAMPO FIJO DE DESCRIPCIÓN FIJA--INFORMACIÓN GENERAL |
| Campo fijo de descripción fija |
cr ua aaaaa |
| 008 - ELEMENTOS DE LONGITUD FIJA -- INFORMACIÓN GENERAL |
| Campo fijo de descripción fija -- Información general |
230206t2021 sp ||||| |||| 00| 0 spa d |
| 020 ## - NÚMERO INTERNACIONAL NORMALIZADO PARA LIBROS |
| Número Internacional Normalizado del libro |
9788418204432 |
| Información adicional |
electrónico |
| 040 ## - FUENTE DE CATALOGACIÓN |
| Agencia de catalogación original |
CO-MdFUSB |
| Idioma de catalogación |
spa |
| Agencia que realiza la transcripción |
CO-MdFUSB |
| Agencia que realiza la modificación |
CO-MdFUSBC |
| Convenciones de la descripción |
rda |
| 041 ## - CÓDIGO DE IDIOMA |
| Código de idioma para texto/pista de sonido o título separado |
spa |
| 082 ## - NÚMERO DE CLASIFICACIÓN DECIMAL DEWEY |
| Número de la edición del Dewey |
23 |
| Número de clasificación |
261.8357 |
| 100 ## - ASIENTO PRINCIPAL--NOMBRE PERSONAL |
| Nombre personal |
Allberry, Sam, |
| Término relacionador |
autor |
| 245 ## - TÍTULO |
| Título del Material |
¿Por qué le importa a Dios con quién me acuesto? |
| Mención de responsabilidad, etc. |
/ Sam Allberry |
| Medio físico |
[electrónico] |
| 264 ## - PRODUCCIÓN, PUBLICACIÓN, DISTRIBUCIÓN, MANUFACTURA, Y COPYRIGHT |
| Lugar de producción, publicación, distribución, manufactura |
Barcelona, España : |
| Nombre del productor, publicador, distribuidor |
Clie, |
| Fecha de producción, publicación, distribución, manufactura, o copyright |
[2021] |
| 300 ## - DESCRIPCIÓN FÍSICA |
| Dimensiones |
; |
| 336 ## - TIPO DE CONTENIDO |
| Fuente |
rdacontent |
| Término de tipo de contenido |
texto |
| Código de tipo de contenido |
txt |
| 337 ## - TIPO DE MEDIO |
| Fuente |
rdamedia |
| Nombre del tipo de medio |
informático |
| Código del tipo de medio |
c |
| 338 ## - TIPO DE SOPORTE |
| Fuente |
rdacarrier |
| Nombre del tipo de soporte |
remoto |
| Código Tipo de soporte |
cr |
| 505 ## - NOTA DE CONTENIDO |
| Nota de contenido con formato preestablecido |
El problema ineludible del cristianismo. -- ¿Por qué nos importa con quién nos acostamos? -- ¿Qué valor tiene una niña pequeña?<br/>-- ¿Para qué sirve el sexo? -- ¿De verdad el sexo solo es para casados? -- ¿Por qué era un tema problemático en el pasado? -- ¿Por qué es un tema tan problemático hoy? -- ¿Y si realmente me he equivocado? -- ¿Es que no necesitamos realizarnos sexualmente para ser quienes somos? -- ¿No basta con el amor? -- En serio, ¿por qué le importa esto a Dios? La historia de fondo. -- En serio, ¿por qué le importa esto a Dios? Una historia mejor |
| 506 ## - NOTA DE RESTRICCIONES DE ACCESO |
| Condiciones de acceso |
Solicitar clave y usuario para acceder al libro electrónico. |
| 506 ## - NOTA DE RESTRICCIONES DE ACCESO |
| Condiciones de acceso |
Libro multiusuario. |
| 520 ## - NOTA DE RESUMEN, ETC. |
| Nota de sumario, etc. |
Sam Allberry, autor de muchos libros, entre ellos Is God Anti-Gay?, expone el buen diseño de Dios para la expresión de la sexualidad humana, mostrando que Dios mismo es amor y que sólo él puede satisfacer nuestros deseos más profundos. Una perspectiva bíblica de lo que el sexo está diseñado para ser, significar y hacer por nosotros. Los cristianos son cada vez más vistos como anticuados, restrictivos y prejuiciosos cuando se trata de sexo antes del matrimonio, la cohabitación, la homosexualidad, la identidad de género o los derechos de los transexuales. De hecho, para muchas personas, este tema es una de las mayores barreras para considerar el cristianismo. Sam Allberry, autor de muchos libros, entre ellos Is God Anti-Gay?, expone el buen diseño de Dios para la expresión de la sexualidad humana, mostrando que Dios mismo es amor y que solo él puede satisfacer nuestros deseos más profundos. Es un gran recordatorio del plan positivo de la Biblia para el amor, el sexo y el matrimonio, e ideal para regalar a las personas que pueden ver esto como un obstáculo para la creencia. |
| 650 #7 - ASIENTO SECUNDARIO DE MATERIA - TERMINO TEMÁTICO |
| Término temático o nombre geográfico como elemento de entrada |
Ética cristiana |
| Fuente del encabezamiento o término |
|
| 9 (RLIN) |
185 |
| 650 #0 - ASIENTO SECUNDARIO DE MATERIA - TERMINO TEMÁTICO |
| 9 (RLIN) |
1346 |
| Término temático o nombre geográfico como elemento de entrada |
Sexo |
| 653 ## - TÉRMINO DE INDIZACIÓN - NO CONTROLADO |
| Término no controlado |
Sexualidad |
| 653 ## - TÉRMINO DE INDIZACIÓN - NO CONTROLADO |
| Término no controlado |
Relaciones sexuales. |
| 856 ## - LOCALIZACIÓN Y ACCESO ELECTRÓNICOS |
| Numero de Acceso |
3064756 |
| Identificador Uniforme del Recurso |
<a href="https://search.ebscohost.com/login.aspx?direct=true&db=nlebk&AN=3064756&lang=es&site=ehost-live">https://search.ebscohost.com/login.aspx?direct=true&db=nlebk&AN=3064756&lang=es&site=ehost-live</a> |
| Nota dirigida al público |
<a href="Abrir Versión electrónica del libro ¿Por qué le importa a Dios con quién me acuesto?">Abrir Versión electrónica del libro ¿Por qué le importa a Dios con quién me acuesto?</a> |
| 942 ## - TIPO DE MATERIAL (KOHA) |
| Tipo de Item KOHA |
Libros General |
| 945 ## - INFORMACIÓN LOCAL DEL REGISTRO |
| Catalogador |
JTF-925 |